000 00510nam a22001817a 4500
999 _c261305
_d261304
003 OSt
005 20231102095839.0
008 231102b xxu||||| |||| 00| 0 eng d
010 _a 72106001
020 _a0136749372(pbk.)
040 _aDLC
_cDLC
_dDLC
050 _aLB775.P49
_b .F8 1970
100 _aFurth, Hans G.
245 _aPiaget for teachers
_c [by] Hans G. Furth.
260 _a Englewood Cliffs, N.J.,
_b Prentice-Hall
_c [1970]
300 _a xii, 163 p.
_b illus.
_c 22 cm.
942 _2lcc
_cBK